Toutes les villes du Québec sur une carte - Statistiques

Statistiques générales
  • Ce quiz a été pris 4 990 fois
    3 882 depuis la dernière actualisation
  • Le résultat moyen est 70 sur 223
Réponses sur la Carte
Les réponses sont colorées sur une échelle allant du rouge au vert en fonction du pourcentage des utilisateurs qui les ont devinées à leur premier essai. Vous pouvez retrouver ces pourcentages ci-dessous.
 
Statistiques - réponses
Population Ville % Correct
1.704 k Montréal
98%
531 k Québec
95%
422 k Laval
87%
134 k Trois-Rivières
78%
14,5 k Gaspé
76%
276 k Gatineau
75%
161 k Sherbrooke
75%
145 k Saguenay
74%
143 k Lévis
71%
48,6 k Rimouski
69%
239 k Longueuil
65%
75,4 k Drummondville
63%
95,1 k Saint-Jean-sur-Richelieu
61%
32,4 k Val-d'Or
61%
74,3 k Saint-Jérôme
59%
25,4 k Sept-Îles
57%
111 k Terrebonne
56%
46,1 k Victoriaville
56%
30,7 k Alma
54%
84,2 k Repentigny
54%
19,5 k Rivière-du-Loup
54%
42,3 k Rouyn-Noranda
54%
85,7 k Brossard
53%
66,2 k Granby
52%
49,3 k Shawinigan
51%
56,8 k Blainville
49%
21,5 k Baie-Comeau
48%
2,8 k Sainte-Anne-de-Beaupré
48%
4,9 k Sainte-Anne-de-Bellevue
48%
6,4 k Sainte-Anne-des-Monts
48%
14,4 k Sainte-Anne-des-Plaines
48%
55,6 k Saint-Hyacinthe
48%
34,7 k Sorel-Tracy
48%
3,1 k Percé
47%
20,4 k Joliette
46%
50,5 k Mirabel
46%
41,6 k Boucherville
45%
26,6 k Magog
45%
14,3 k Matane
45%
9,6 k Mont-Tremblant
45%
11,0 k La Tuque
44%
44,0 k Saint-Eustache
43%
7,1 k Baie-Saint-Paul
42%
26,3 k Saint-Bruno-de-Montarville
42%
29,8 k Sainte-Julie
42%
46,6 k Mascouche
41%
32,5 k Saint-Georges
41%
12,8 k Amos
40%
47,9 k Châteauguay
40%
2,4 k Fermont
40%
38,1 k Vaudreuil-Dorion
40%
9,0 k Bromont
39%
29,1 k Chambly
39%
7,5 k Chibougamau
39%
10,0 k Roberval
39%
10,2 k Saint-Félicien
39%
25,4 k Thetford Mines
37%
22,4 k Beloeil
36%
26,8 k Boisbriand
36%
18,9 k Dorval
36%
5,6 k Lac-Mégantic
36%
5 L'Île-Dorval
36%
14,1 k Mont-Laurier
36%
13,5 k Sainte-Marie
36%
25,9 k Sainte-Thérèse
36%
21,2 k Varennes
36%
20,3 k Westmount
36%
8,2 k La Malbaie
35%
18,5 k Mont-Saint-Hilaire
35%
10,2 k Saint-Sauveur
35%
40,7 k Salaberry-de-Valleyfield
35%
21,0 k Candiac
34%
8,6 k Coaticook
34%
14,2 k Dolbeau-Mistassini
34%
11,2 k Montmagny
34%
20,2 k Mont-Royal
34%
17,0 k Sainte-Catherine
34%
7,7 k Sainte-Catherine-de-la-Jacques-Cartier
34%
24,1 k La Prairie
33%
22,4 k L'Assomption
33%
21,8 k Saint-Lambert
33%
6,1 k Amqui
32%
12,9 k Sainte-Adèle
32%
10,2 k Sainte-Agathe-des-Monts
32%
3,2 k Trois-Pistoles
32%
6,2 k Beauceville
31%
17,4 k Deux-Montagnes
31%
27,3 k Saint-Constant
31%
20,7 k Saint-Lin-Laurentides
31%
13,0 k Bécancour
30%
13,9 k Rosemère
30%
48,8 k Dollard-des-Ormeaux
29%
7,2 k Donnacona
29%
20,1 k Kirkland
29%
12,8 k Lachute
29%
4,1 k La Pocatière
29%
13,6 k Lavaltrie
29%
31,3 k Pointe-Claire
29%
3,6 k Saint-Tite
29%
4,1 k Berthierville
28%
7,1 k Louiseville
28%
3,8 k Montréal-Est
28%
8,1 k Nicolet
28%
6,7 k Port-Cartier
28%
18,8 k Saint-Augustin-de-Desmaures
28%
2,5 k Ville-Marie
28%
2,4 k Cap-Chat
27%
4,0 k Carleton-sur-Mer
27%
7,5 k Chandler
27%
13,6 k Cowansville
27%
3,0 k Forestville
27%
4,8 k Saint-Joseph-de-Beauce
27%
1,6 k Saint-Joseph-de-Sorel
27%
12,8 k Beauharnois
26%
5,9 k Charlemagne
26%
10,7 k L'Île-Perrot
26%
2,6 k Saint-Basile
26%
17,0 k Saint-Basile-le-Grand
26%
6,7 k Val-des-Sources
26%
3,7 k Beaupré
25%
9,6 k Bois-des-Filion
25%
32,4 k Côte Saint-Luc
25%
9,3 k Lorraine
25%
10,7 k Marieville
25%
6,2 k Mont-Joli
25%
5,0 k Montréal-Ouest
25%
10,6 k Notre-Dame-de-l'Île-Perrot
25%
9,2 k Notre-Dame-des-Prairies
25%
3,1 k Portneuf
25%
7,7 k Rigaud
25%
18,0 k Sainte-Marthe-sur-le-Lac
25%
2,7 k Bonaventure
24%
1,4 k Chapais
24%
8,9 k Farnham
24%
7,2 k La Sarre
24%
3,8 k Maniwaki
24%
13,1 k Mercier
24%
6,5 k Plessisville
24%
5,2 k Richelieu
24%
2,9 k Saint-Marc-des-Carrières
24%
10,2 k Saint-Raymond
24%
155 Schefferville
24%
2,4 k Témiscaming
24%
7,6 k Acton Vale
23%
19,3 k Beaconsfield
23%
9,4 k Carignan
23%
16,5 k L'Ancienne-Lorette
23%
2,8 k Senneterre
23%
3,8 k Baie-D'Urfé
22%
7,4 k Delson
22%
5,1 k Hudson
22%
3,3 k Malartic
22%
651 Murdochville
22%
8,4 k Otterburn Park
22%
14,5 k Pincourt
22%
9,2 k Pont-Rouge
22%
13,0 k Prévost
22%
2,6 k Saint-Gabriel
22%
19,8 k Saint-Lazare
22%
8,0 k Saint-Rémi
22%
4,9 k Témiscouata-sur-le-Lac
22%
5,4 k Windsor
22%
7,8 k Contrecoeur
21%
6,9 k Hampstead
21%
3,9 k Métabetchouan–Lac-à-la-Croix
21%
4,3 k Rivière-Rouge
21%
16,0 k Saint-Colomban
21%
5,6 k Saint-Pie
21%
4,0 k Sutton
21%
4,6 k Warwick
21%
4,4 k Waterloo
21%
2,1 k Lebel-sur-Quévillon
20%
4,3 k Neuville
20%
3,7 k New Richmond
20%
6,0 k Princeville
20%
3,2 k Richmond
20%
5,4 k Lac-Brome
19%
2,3 k Léry
19%
3,0 k Normandin
19%
2,7 k Stanstead
19%
2,8 k Thurso
19%
3,4 k Cap-Santé
18%
2,3 k Causapscal
18%
3,0 k Clermont
18%
2,8 k Dégelis
18%
2,3 k Disraeli
18%
2,4 k Huntingdon
18%
1,4 k Matagami
18%
3,1 k Paspébiac
18%
5,8 k Saint-Césaire
18%
1,6 k Saint-Ours
18%
7,0 k Coteau-du-Lac
17%
3,4 k Dunham
17%
3,6 k East Angus
17%
5,4 k L'Épiphanie
17%
2,5 k Pohénégamook
17%
2,7 k Sainte-Marguerite-du-Lac-Masson
17%
2,1 k Valcourt
17%
7,1 k Brownsburg-Chatham
16%
4,1 k Château-Richer
16%
5,3 k Cookshire-Eaton
16%
3,8 k Danville
16%
1,9 k Fossambault-sur-le-Lac
16%
3,4 k Grande-Rivière
16%
126 L'Île-Cadieux
16%
2,4 k Saint-Pamphile
16%
3,4 k Saint-Pascal
16%
2,5 k Bedford
15%
313 Belleterre
15%
965 Daveluyville
15%
2,4 k Gracefield
15%
638 Lac-Delage
15%
260 Lac-Saint-Joseph
15%
2,7 k Macamic
15%
58 Barkmere
14%
1,0 k Desbiens
14%
666 Duparquet
14%
196 Estérel
14%
497 Lac-Sergent
14%
587 Métis-sur-Mer
14%
2,1 k Waterville
14%
1,9 k Kingsey Falls
13%
472 Scotstown
10%
Aucun quiz correspondant
Distribution des résultats
% des personnes avec chaque résultat
Percentile par nombre de réponses
Votre historique - résultats
Vous n’avez pas pris ce quiz depuis la dernière actualisation